Statistics for Canadian Indigenous Languages on a Map

Click here to take the quiz!

General Stats

  • This quiz has been taken 479 times
    (66 since last reset)
  • The average score is 6 of 23

Answers on the Map

Answers color-coded by a green-red scale on the quiz's map according to % correct below.
 

Answer Stats

# of speakersLanguage% Correct
35,690Inuktitut
80%
10,075Innu-aimun
78%
32,460Ojibwe
62%
6,495Sioux
55%
4,915Siksika
45%
8,750Mi'kmaq
42%
2,315South Slavey
40%
11,130Chipewyan
35%
2,685Algonquin
29%
1,235North Slavey
22%
1,805Swampy Cree
20%
3,200Plains Cree
18%
2,645Dogrib
16%
1,800Woods Cree
15%
3,000Moose Cree
13%
5,645Atikamekw
11%
2,495Dakelh
11%
1,230Naskapi
11%
12,605Oji-Cree
9%
1,400Tsilhqot'in
9%
1,575Gitxsan
7%
1,650Shuswap
7%
1,090Nisga'a
5%

Score Distribution

Percentile by Number Answered

Percent of People with Each Score

Your Score History

You have not taken this quiz since the last reset